| 000 | 00382cam a2200145 a 4500 | ||
|---|---|---|---|
| 082 | 0 | 0 |
_a660.43 _bRUM _cD |
| 100 |
_aHumpf Hans _940941 |
||
| 245 | 1 | 0 | _aParticle technology |
| 250 | _a2 vol. | ||
| 260 |
_aBritain. _bCarl hanser verlag, _c1990. |
||
| 300 |
_avii, 199 p. _bill. ; _c24 cm. |
||
| 526 |
_a0 _b0 _c0 _d660_430000000000000_RUM |
||
| 650 | 0 |
_aParticles _9501 |
|
| 942 |
_2ddc _cBK |
||
| 999 |
_c545159 _d545159 |
||